| 000 | 00688nam a2200181Ia 4500 | ||
|---|---|---|---|
| 008 | 151018s9999 xx 000 0 und d | ||
| 082 |
_bRBASDV49136 _a920 |
||
| 100 | _aमहेंद्र मित्तल | ||
| 245 | _aकालपुरुष सहस्त्रर्जुन | ||
| 250 | _b1 | ||
| 260 |
_bकैटर पब्लिशिंग हाउस _c2009 |
||
| 300 | _a200 | ||
| 600 | _aमहेंद्र मित्तल | ||
| 630 | _aकालपुरुष सहस्त्रर्जुन | ||
| 700 | _aमहेंद्र मित्तल | ||
| 730 | _aकालपुरुष सहस्त्रर्जुन | ||
| 942 | _cBOOK | ||
| 999 |
_c1048259 _d1048256 |
||